| 000 | 00470nam a22001817a 4500 | ||
|---|---|---|---|
| 005 | 20220721163156.0 | ||
| 008 | 220721b ||||| |||| 00| 0 eng d | ||
| 040 | _cAL | ||
| 041 | _aEnglish | ||
| 082 |
_223 _a824 _bJOST |
||
| 100 |
_aRambhau Joshi _952464 |
||
| 245 | _aThis Was Senani | ||
| 260 |
_aBombay _bS B Hudlikar _c1979 |
||
| 300 |
_a63 p. _bPB _c18x12 cm. |
||
| 650 |
_amy great child friend _952465 |
||
| 700 |
_aJOSHI (Rambhau) _952466 |
||
| 942 |
_2ddc _cGF |
||
| 999 |
_c224085 _d224085 |
||